000 00610nam a22002177a 4500
003 OSt
005 20130904103002.0
008 130622b1997 spa||||| |||| 00| 0 eng d
040 _cBMC
082 _a200.1
082 _a110
082 _a215
100 _91053
_aLópez Valdivia, Obdulio‏
_cDr.
245 _aDel realismo tomásico al idealismo subjetivista kantiano
_cO. López Valdivia
260 _aLeón, Gto.
_bProgramas educativos
_c1997
300 _a435 p.
_c22 cm
650 2 4 _91387
_aReligión y filosofía
650 2 4 _962
_aMetafísica
650 2 4 _92747
_aReligión y ciencia
942 _2ddc
_cBK
999 _c972
_d972